Переклади (Запис № 580070)

МАРК-запис
000 -Лідер
fixed length control field 01309 a2200253 4500
001 - Контрольний номер
control field 2162214035926662
003 - Ідентифікатор контрольного номера
control field UA-OsUOA
005 - Дата та час останнього входження (трансакції)
control field 20260313102232.0
008 - Елементи даних фіксованої довжини – загальна інформація
fixed length control field 260313b un ||||| |||| 00| f ukr d
020 ## - Міжнародний стандартний книжковий номер (ISBN)
Міжнародний стандартний книжковий номер (ISBN) (НП) 9667944123
040 ## - Джерело каталогізації
Агенція оригінальної каталогізації UA-OsUOA
Мова каталогізації ukr
Агенція, яка здійснювала перезапис UA-OsUOA
Агенція, яка здійснювала модифікацію UA-OsUOA
041 ## - Код мови
Код мови тексту/ звукової доріжки чи окремого заголовка (П) ukr
080 ## - Індекс Універсальної десяткової класифікації
Індекс Універсальної десяткової класифікації (УДК) (НП) 821.161.2(4)
090 ## - Локальний шифр розміщення
Класифікаційний індекс УДК 821.161.2(4)
Авторський знак (НП) С60
100 ## - Основне введення – ім’я особи
Ім’я особи (НП) Соловей О.
9 (RLIN) 24453
245 ## - Відомості про назву
Назва (НП) Переклади
Дані про відповідальність (НП) Оксана Соловей
260 ## - Публікація, розповсюдження і т.п. (Вихідні дані)
Ім’я/ наймення видавництва, розповсюджувача і т.п. (П) Задруга
Дата публікації, розповсюдження і т.п. (П) 2001
Місце публікації, розповсюдження і т.п. (П) Київ
300 ## - Фізичний опис
Обсяг 294 с.
520 ## - Резюме і т.п.
Резюме, реферат, анотація, тощо (НП) В Україні відому на еміграції літераторку Оксану Соловей уже знають за книжками "Шевченківські доповіді", "Світ гостинний", а також за публікаціями в періодиці.<br/>До цієї книжки ввійшли її переклади, що друкувалися в різні часи в українських виданнях на Батьківщині й у діаспорі.
650 ## - Додаткове предметне введення – тематичний термін
Тематичний термін чи географічна назва, як елемент введення (НП) 821 Художня література окремими мовами і мовними сім'ями
9 (RLIN) 17
942 ## - Додаткові елементи входу (Коха)
Тип елемента Koha Книги
Source of classification or shelving scheme Universal Decimal Classification
955 ## - Код типу видання за змістом
Код типу видання за змістом (НП) Літературно-художні видання
Фонди
Стан вилучень Стан втрат Джерело класифікації або схеми стелажів Стан уражень Не для кредиту Код колекції Постійне місце розташування Поточне розміщення Дата придбання Джерело придбання Вартість, звичайна ціна покупки Інвентарний номер Усього замовленно Повний номер виклику Штрих-код Дата останнього перегляду Вартість, ціна заміни Ціна ефективна від Тип елемента Koha
    Universal Decimal Classification     Колекція Шевчука Валерія АБ - Абонемент НБ АБ - Абонемент НБ 04/03/2026 Акт №09/04.03.2026 25.00 169553   821.161.2(4) С60 169553 13/03/2026 25.00 13/03/2026 Книги